000 00745cab a2200241 4500
001 WB3204-47
008 090401t1996 xxu||||| |||| 00| 0 eng d
035 _a(Sirsi) u8639
041 _aeng
245 _aAtkins snaps up quantity surveyor
260 _c1996
350 _a0
490 _aDaily Telegraph
_v23 January 1996, 26
490 _aBuilding
_v261(7925) 25 January 1996, 10
490 _aProperty Week
_v54(4) 25 January 1996 (3)
520 _aWS Atkins, the firm of consulting engineers is buying the largest UK quantity surveying firm, Faithful and Gould.
650 _aFAITHFUL AND GOULD
650 _aQUANTITY SURVEYORS
650 _aWS ATKINS
690 _aQuantity surveying
_96263
942 _n0
948 _c04/03/1997
999 _c5353
_d5353